| 000 | 00903nam a22002417a 4500 | ||
|---|---|---|---|
| 005 | 20080811141834.0 | ||
| 008 | 080811t xxu||||| |||| 00| 0 eng d | ||
| 010 | _aENG-90704 | ||
| 020 |
_c525.00 _a9788184350340 |
||
| 035 | _aEN-74237 | ||
| 037 | _bDBAD / PUB | ||
| 040 |
_aDPL _bENGLISH |
||
| 082 | _a338.7610954 | ||
| 100 | _aDwivedi, Syam Mohan | ||
| 245 |
_aService sector in India / _cby Syam Mohan Dwivedi [and] Hardiya Narayan Mishra |
||
| 260 |
_aNew Delhi _bAdhyayan Publishers & Distributors _c2008 |
||
| 300 |
_axii, 191p. _c22 cm.(Hb) |
||
| 500 | _aIncludes and index | ||
| 650 |
_aService industries _zIndia |
||
| 700 | _aMishra, Hridya Narayan | ||
| 942 |
_2ddc _cEN _h338.7610954 _mDWI |
||
| 999 |
_c14807 _d14807 |
||